[Event "Manaus Amazonas-ch"]
[Site "Manaus"]
[Date "2017.10.24"]
[Round "6"]
[White "Rodrigues, Giorgy Friedman B"]
[Black "Souza Neves, Andrey Marcelo"]
[Result "1-0"]
[WhiteElo "2066"]
[BlackElo "2210"]
[PlyCount "77"]
[EventDate "2017.10.21"]
[EventType "swiss"]
[EventRounds "9"]
[EventCountry "BRA"]
[SourceTitle "CBM 181 Extra"]
[Source "ChessBase"]
[SourceDate "2017.12.12"]
[SourceVersion "1"]
[SourceVersionDate "2017.12.12"]
[SourceQuality "1"]

1. d4 Nf6 2. c4 e6 3. Nc3 Bb4 4. Qc2 0-0 5. e4 c5 6. Nf3 Nc6 7. dxc5 Bxc5 8. Bg5 Qb6 9. 0-0-0 Nb4 10. Qd2 Bxf2 11. Kb1 Ng4 12. Be7 Re8 13. Bxb4 Qxb4 14. h3 Be3 15. Qe2 Nf2 16. Qxe3 Nxh1 17. Bd3 b5 18. cxb5 a6 19. Rxh1 axb5 20. e5 Bb7 21. Qg5 Rec8 22. Rc1 Bxf3 23. gxf3 Qd4 24. Rd1 Qa7 25. Be4 Rab8 26. Qe7 b4 27. Rxd7 Qg1+ 28. Rd1 Qh2 29. Nb5 Qxe5 30. Nd6 Rd8 31. Qxf7+ Kh8 32. f4 Qf6 33. Qxf6 Rxd6 34. Rxd6 gxf6 35. Rxe6 b3 36. Re7 Rb4 37. axb3 Rxb3 38. Rxh7+ Kg8 39. Bd5+ 1-0

[Event "Manaus Amazonas-ch"]
[Site "Manaus"]
[Date "2017.10.22"]
[Round "4"]
[White "Bezerra, Fabiano de Oliveira"]
[Black "Rodrigues, Giorgy Friedman B"]
[Result "1/2-1/2"]
[WhiteElo "1909"]
[BlackElo "2066"]
[PlyCount "106"]
[EventDate "2017.10.21"]
[EventType "swiss"]
[EventRounds "9"]
[EventCountry "BRA"]
[SourceTitle "CBM 181 Extra"]
[Source "ChessBase"]
[SourceDate "2017.12.12"]
[SourceVersion "1"]
[SourceVersionDate "2017.12.12"]
[SourceQuality "1"]

1. Nf3 d5 2. b3 Bg4 3. e3 e5 4. Be2 Qf6 5. Bb2 Nc6 6. h3 Bxf3 7. Bxf3 0-0-0 8. d3 Qg6 9. e4 Nf6 10. exd5 Nxd5 11. Bxd5 Rxd5 12. Qg4+ f5 13. Qxg6 hxg6 14. Nc3 Rd8 15. 0-0-0 Bc5 16. Rhf1 a6 17. Rde1 Rhe8 18. Nd1 Bd4 19. Nc3 b5 20. a3 Kb7 21. Nd1 g5 22. Ne3 g6 23. f3 Bxb2+ 24. Kxb2 Nd4 25. Nd1 c5 26. Re3 a5 27. Rfe1 Nc6 28. Nf2 a4 29. bxa4 bxa4 30. Rb1 Rb8 31. Ree1 Kc7+ 32. Kc3 Kd6 33. Rxb8 Rxb8 34. Nd1 Rb1 35. Rf1 Nd4 36. Ne3 Nb5+ 37. Kd2 Rxf1 38. Nxf1 Nxa3 39. c4 e4 40. Kc3 exd3 41. Nd2 Ke5 42. Kxd3 Kf4 43. Nf1 g4 44. hxg4 fxg4 45. fxg4 Kxg4 46. Nd2 Kg3 47. Ne4+ Kxg2 48. Nxc5 g5 49. Nxa4 Nxc4 50. Kxc4 Kf3 51. Kd3 g4 52. Kd2 Kf2 53. Nc3 g3 1/2-1/2

[Event "Manaus Amazonas-ch"]
[Site "Manaus"]
[Date "2017.10.21"]
[Round "1"]
[White "Rodrigues, Giorgy Friedman B"]
[Black "De Souza Gomes, Jullie Emanuelle"]
[Result "1-0"]
[WhiteElo "2066"]
[BlackElo "1467"]
[PlyCount "63"]
[EventDate "2017.10.21"]
[EventType "swiss"]
[EventRounds "9"]
[EventCountry "BRA"]
[SourceTitle "CBM 181 Extra"]
[Source "ChessBase"]
[SourceDate "2017.12.12"]
[SourceVersion "1"]
[SourceVersionDate "2017.12.12"]
[SourceQuality "1"]

1. Nf3 e6 2. c4 Nf6 3. g3 g6 4. b3 Bg7 5. Bb2 0-0 6. Bg2 Nc6 7. 0-0 b6 8. Ne5 Bb7 9. Nxc6 dxc6 10. Qc2 Re8 11. d4 Ng4 12. h3 Nxf2 13. Kxf2 Bxd4+ 14. Bxd4 Qxd4+ 15. e3 Qxa1 16. Nc3 Qxf1+ 17. Kxf1 Re7 18. Qd2 a6 19. c5 bxc5 20. Ne4 f5 21. Nxc5 Bc8 22. Bxc6 Ra7 23. Qd8+ Kf7 24. Qxc8 e5 25. Qb8 Rb7 26. Bxb7 Re8 27. Qxc7+ Re7 28. Bd5+ Kf6 29. Qd6+ Kg5 30. Qxe7+ Kh6 31. Ne6 g5 32. Qxg5# 1-0

[Event "Manaus Regional Norte-ch"]
[Site "Manaus"]
[Date "2017.09.10"]
[Round "7"]
[White "Rodrigues, Giorgy Friedman B"]
[Black "De Oliveira, Victor Gabriel C"]
[Result "0-1"]
[WhiteElo "2080"]
[BlackElo "2060"]
[PlyCount "76"]
[EventDate "2017.09.07"]
[EventType "swiss"]
[EventRounds "7"]
[EventCountry "BRA"]
[SourceTitle "CBM 180 Extra"]
[Source "ChessBase"]
[SourceDate "2017.10.06"]
[SourceVersion "1"]
[SourceVersionDate "2017.10.06"]
[SourceQuality "1"]

1. e4 c5 2. Nf3 d6 3. d4 cxd4 4. Nxd4 Nf6 5. Nc3 a6 6. g3 e6 7. Bg2 Be7 8. 0-0 0-0 9. Re1 Qc7 10. a4 Nc6 11. Nde2 b6 12. h3 Bb7 13. g4 Rac8 14. Ng3 Rfd8 15. g5 Nd7 16. f4 Nb4 17. Be3 d5 18. exd5 Nf8 19. Nh5 Bc5 20. Kh2 Bxd5 21. Qg4 Bxe3 22. Rxe3 Nxc2 23. Nxd5 exd5 24. Rc3 Qd7 25. Qxd7 Nxd7 26. Rxc8 Rxc8 27. Rc1 Rc5 28. Bxd5 Nb4 29. Rxc5 Nxc5 30. Bf3 Nxa4 31. b3 Nc5 32. Bd1 Nd5 33. Bf3 Nb4 34. Bd1 a5 35. Kg2 Nd5 36. Kf3 Ne6 37. h4 Nc3 38. f5 Nd4+ 0-1

[Event "Manaus Regional Norte-ch"]
[Site "Manaus"]
[Date "2017.09.09"]
[Round "5"]
[White "Arenillas Nahuel, Oliveira"]
[Black "Rodrigues, Giorgy Friedman B"]
[Result "0-1"]
[WhiteElo "1831"]
[BlackElo "2080"]
[PlyCount "42"]
[EventDate "2017.09.07"]
[EventType "swiss"]
[EventRounds "7"]
[EventCountry "BRA"]
[SourceTitle "CBM 180 Extra"]
[Source "ChessBase"]
[SourceDate "2017.10.06"]
[SourceVersion "1"]
[SourceVersionDate "2017.10.06"]
[SourceQuality "1"]

1. e4 e5 2. Bc4 Nc6 3. Nc3 Nf6 4. d3 Bc5 5. Nf3 a6 6. Bg5 h6 7. Be3 d6 8. Bxc5 dxc5 9. h3 Qd6 10. a4 Be6 11. Bxe6 Qxe6 12. Nd2 0-0 13. 0-0 g5 14. Ne2 Rad8 15. Ng3 Ne7 16. Qe2 Ng6 17. Nf5 Kh7 18. Qe3 b6 19. Nf3 Nf4 20. g3 Nxh3+ 21. Kh2 Ng4+ 0-1

[Event "Manaus Amazonas zt"]
[Site "Manaus"]
[Date "2015.05.24"]
[Round "3"]
[White "Rodrigues, Giorgy Friedman B"]
[Black "De Lima, Paulo Isaac Assis"]
[Result "1-0"]
[WhiteElo "2079"]
[BlackElo "1873"]
[PlyCount "127"]
[EventDate "2015.05.23"]
[EventType "swiss"]
[EventRounds "6"]
[EventCountry "BRA"]
[SourceTitle "EXT 2016"]
[Source "ChessBase"]
[SourceDate "2015.10.08"]
[SourceVersion "1"]
[SourceVersionDate "2015.10.08"]
[SourceQuality "1"]

1. e4 Nc6 2. Nc3 d6 3. g3 e5 4. Bg2 Nf6 5. h3 Be7 6. Nge2 Be6 7. Nd5 Qd7 8. d4 h6 9. Nxf6+ Bxf6 10. d5 Ne7 11. c4 Bf5 12. exf5 Nxf5 13. Nc3 g6 14. Qa4 Qxa4 15. Nxa4 Nd4 16. 0-0 0-0-0 17. Be3 Rde8 18. Nc3 Bg7 19. Rad1 a6 20. Rd2 Nf5 21. h4 Kb8 22. c5 Rd8 23. Ne4 Nxe3 24. fxe3 f5 25. Nc3 dxc5 26. e4 f4 27. gxf4 exf4 28. Rxf4 Bd4+ 29. Kf1 Be3 30. Rdf2 Bxf4 31. Rxf4 Rhf8 32. Rf2 Rxf2+ 33. Kxf2 Re8 34. Ke3 Re5 35. Bf3 g5 36. hxg5 Rxg5 37. Kf4 Kc8 38. e5 b6 39. Bg4+ Kd8 40. Ne4 Rg7 41. Ng3 c4 42. Nf5 Rf7 43. e6 Rxf5+ 44. Kxf5 Ke7 45. Kg6 b5 46. Kxh6 Kf6 47. Kh7 b4 48. Kg8 Ke7 49. Kg7 a5 50. Be2 c3 51. bxc3 bxc3 52. Bd1 c6 53. dxc6 Kxe6 54. c7 Kd7 55. c8Q+ Kxc8 56. Kf6 Kc7 57. Ke5 Kc6 58. Kd4 Kb5 59. Kxc3 Kc5 60. a4 Kd5 61. Bb3+ Kc5 62. Bc4 Kc6 63. Kd4 Kd6 64. Bd5 1-0

[Event "Amazonas-ch final"]
[Site "Manaus"]
[Date "2014.09.07"]
[Round "9"]
[White "Rodrigues, Giorgy Friedman B"]
[Black "Souza Neves, Andrey Marcelo"]
[Result "1/2-1/2"]
[WhiteElo "2155"]
[BlackElo "2134"]
[PlyCount "44"]
[EventDate "2014.08.16"]
[EventType "swiss"]
[EventRounds "9"]
[EventCountry "BRA"]
[SourceTitle "EXT 2018"]
[Source "ChessBase"]
[SourceDate "2017.10.13"]
[SourceVersion "1"]
[SourceVersionDate "2017.10.13"]
[SourceQuality "1"]

1. e4 c5 2. c3 d6 3. d4 Nf6 4. dxc5 Nc6 5. Bb5 Nxe4 6. Be3 Nxc5 7. Bxc6+ bxc6 8. Bxc5 dxc5 9. Qa4 Qb6 10. Na3 Ba6 11. 0-0-0 g6 12. Qg4 Bc8 13. Qh4 Be6 14. Nf3 Rb8 15. Rd2 Bg7 16. Re1 Qa6 17. Rxe6 fxe6 18. Qf4 Rd8 19. Rxd8+ Kxd8 20. Nc4 Bh6 21. Qxh6 Qxc4 22. Qd2+ Qd5 1/2-1/2

[Event "Amazonas-ch final"]
[Site "Manaus"]
[Date "2014.08.24"]
[Round "4"]
[White "Rodrigues, Giorgy Friedman B"]
[Black "Bezerra, Fabiano de Oliveira"]
[Result "1/2-1/2"]
[WhiteElo "2155"]
[BlackElo "1927"]
[PlyCount "93"]
[EventDate "2014.08.16"]
[EventType "swiss"]
[EventRounds "9"]
[EventCountry "BRA"]
[SourceTitle "EXT 2018"]
[Source "ChessBase"]
[SourceDate "2017.10.13"]
[SourceVersion "1"]
[SourceVersionDate "2017.10.13"]
[SourceQuality "1"]

1. Nf3 Nf6 2. c4 e6 3. g3 g6 4. b3 Bg7 5. Bb2 0-0 6. Bg2 d5 7. 0-0 Nbd7 8. d4 Ne4 9. Qc2 Re8 10. Rd1 c6 11. Nbd2 Ndf6 12. Ne5 Nxd2 13. Rxd2 Nd7 14. e4 Nf6 15. Re1 Bd7 16. Qd1 dxe4 17. Bxe4 Nxe4 18. Rxe4 f6 19. Nxd7 Qxd7 20. f4 Rad8 21. Bc3 h5 22. Re3 f5 23. h4 Bf6 24. Qe1 Kf7 25. Rdd3 Qc7 26. Ba5 b6 27. Bc3 Qc8 28. Kh2 Re7 29. Bb4 Ree8 30. Qd2 Qc7 31. a4 Be7 32. Bxe7 Rxe7 33. Re5 Rde8 34. Rde3 Qd7 35. Qc3 Rd8 36. d5 Rde8 37. dxc6 Qxc6 38. Rd3 Rd7 39. Rxd7+ Qxd7 40. a5 Qd1 41. Re1 Qd6 42. axb6 axb6 43. Ra1 Re7 44. Ra8 Qc5 45. Qd2 e5 46. fxe5 Qxe5 47. Ra2 1/2-1/2

[Event "Manaus Amazonas-ch"]
[Site "Manaus"]
[Date "2014.07.19"]
[Round "1"]
[White "Rodrigues, Giorgy Friedman B"]
[Black "Da Cruz Pereira, Maria Eduarda"]
[Result "1-0"]
[WhiteElo "2197"]
[BlackElo "1800"]
[PlyCount "35"]
[EventDate "2014.07.19"]
[EventType "swiss"]
[EventRounds "6"]
[EventCountry "BRA"]
[SourceTitle "CBM 161 Extra"]
[Source "ChessBase"]
[SourceDate "2014.08.29"]
[SourceVersion "1"]
[SourceVersionDate "2014.08.29"]
[SourceQuality "1"]

1. Nf3 Nf6 2. c4 d5 3. cxd5 Nxd5 4. d4 e6 5. e4 Nb6 6. Nc3 Nc6 7. Bd3 Bb4 8. 0-0 0-0 9. e5 g6 10. Bh6 Re8 11. Ne4 Bf8 12. Nf6+ Kh8 13. Qd2 Qe7 14. Bxf8 Qxf8 15. Nxe8 Qe7 16. Nf6 Nd7 17. Qh6 Qf8 18. Qxh7# 1-0